000 00244nam a2200097Ia 4500
005 20251222114350.0
008 251222s1900||||xx |||||||||||||| ||spa||
082 _aDVD0060/G74/2005
245 0 _aEl sol de cada maƱana :The weather man
942 _cDVD
999 _c1223
_d1223